Aakhri sawal (Record no. 1028747)

MARC details
000 -LEADER
fixed length control field 00674nam a2200241Ia 4500
003 - CONTROL NUMBER IDENTIFIER
control field OSt
005 - DATE AND TIME OF LATEST TRANSACTION
control field 20221005113619.0
008 - FIXED-LENGTH DATA ELEMENTS--GENERAL INFORMATION
fixed length control field 221004b |||||||| |||| 00| 0 ben d
037 ## - SOURCE OF ACQUISITION
Terms of availability Textual
040 ## - CATALOGING SOURCE
Original cataloging agency CRL
Transcribing agency CRL
Language of cataloging ben
041 ## - LANGUAGE CODE
Source of code ben
Language code of text/sound track or separate title ben
100 ## - MAIN ENTRY--PERSONAL NAME
Personal name Chattopadhyay Sharat Chandra Au.
9 (RLIN) 624628
245 #0 - TITLE STATEMENT
Title Aakhri sawal
260 ## - PUBLICATION, DISTRIBUTION, ETC.
Date of publication, distribution, etc. 1997
650 ## - SUBJECT ADDED ENTRY--TOPICAL TERM
Topical term or geographic name entry element BENGALI FICTION
700 ## - ADDED ENTRY--PERSONAL NAME
Personal name Rizvi Anwar Tr.
9 (RLIN) 624629
942 ## - ADDED ENTRY ELEMENTS (KOHA)
Classification part O157,3M76,AS, 168N7
Koha item type Textual
Source of classification or shelving scheme
Holdings
Withdrawn status Lost status Damaged status Not for loan Home library Current library Date acquired Total Checkouts Full call number Barcode Date last seen Price effective from Koha item type Public note
        Central Library Central Library 2022-10-05   O157,3M76,AS 168N7 CL1065537 2022-10-05 2022-10-05 Textual Transated from Bengali to Urdu
Copyright @ Delhi University Library System